Southville International School and Colleges
Your cart is empty.
  • Cart
  • Lists
    Public lists Eva Luna New books Lux_list list_1
    Your lists Log in to create your own lists
  • Log in to your account
  • Your cookies
  • Search history
Southville International School and Colleges
  • Advanced search
  • Recent comments
  • Most popular
  • Libraries

Log in to your account

Log in with GOOGLE


If you do not have an external account, but do have a local account, you can still log in:

  1. Home
  2. MARC view: The human brain in photographs and diagrams /
Normal view MARC view ISBD view

The human brain in photographs and diagrams / (Record no. 294692)

[ view plain ]
MARC details
000 -LEADER
fixed length control field 00967cam a2200313 a 4500
001 - CONTROL NUMBER
control field 17506658
003 - CONTROL NUMBER IDENTIFIER
control field PILC
005 - DATE AND TIME OF LATEST TRANSACTION
control field 20160523104358.0
008 - FIXED-LENGTH DATA ELEMENTS--GENERAL INFORMATION
fixed length control field 121019s2013 paua 001 0 eng
010 ## - LIBRARY OF CONGRESS CONTROL NUMBER
LC control number 2012042879
020 ## - INTERNATIONAL STANDARD BOOK NUMBER
International Standard Book Number 9781455709618 (spiral bound : alk. paper)
035 ## - SYSTEM CONTROL NUMBER
System control number (DNLM)101594407
040 ## - CATALOGING SOURCE
Original cataloging agency DNLM/DLC
Transcribing agency DLC
Modifying agency DLC
042 ## - AUTHENTICATION CODE
Authentication code pcc
050 00 - LIBRARY OF CONGRESS CALL NUMBER
Classification number QM 455
Item number .N65 2013
060 10 - NATIONAL LIBRARY OF MEDICINE CALL NUMBER
Classification number WL 17
082 00 - DEWEY DECIMAL CLASSIFICATION NUMBER
Classification number 611/.81
100 1# - MAIN ENTRY--PERSONAL NAME
Personal name Nolte, John.
245 14 - TITLE STATEMENT
Title The human brain in photographs and diagrams /
Statement of responsibility, etc John Nolte, Jay B. Angevine Jr.
250 ## - EDITION STATEMENT
Edition statement 4th edition.
260 ## - PUBLICATION, DISTRIBUTION, ETC. (IMPRINT)
Place of publication, distribution, etc Philadelphia, PA :
Name of publisher, distributor, etc Elsevier/Saunders,
Date of publication, distribution, etc 2013.
300 ## - PHYSICAL DESCRIPTION
Extent xiii, 258 pages :
Other physical details color illustrations ;
Dimensions 31 cm
500 ## - GENERAL NOTE
General note Includes index.
650 12 - SUBJECT ADDED ENTRY--TOPICAL TERM
Topical term or geographic name as entry element Brain
General subdivision anatomy & histology
Form subdivision Atlases.
700 1# - ADDED ENTRY--PERSONAL NAME
Personal name Angevine, Jay B.
906 ## - LOCAL DATA ELEMENT F, LDF (RLIN)
a 7
b cbc
c orignew
d 1
e ecip
f 20
g y-gencatlg
942 ## - ADDED ENTRY ELEMENTS (KOHA)
Source of classification or shelving scheme Library of Congress Classification
Koha item type Books
Holdings
Withdrawn status Lost status Source of classification or shelving scheme Damaged status Home library Current library Shelving location Date acquired Source of acquisition Cost, normal purchase price Sub Shelving location Total Checkouts Full call number Barcode Date last seen Price effective from Koha item type
    Library of Congress Classification   South SEED-LPDH College Library South SEED-LPDH College Library South SEED-LPDH College Section 05/23/2016 Library Fund 3758.00     QM 455 .N65 2013 SSLC1433 05/15/2018 05/23/2016 Books

The human brain in photographs and diagrams /

APA

Nolte J., Angevine J. B., . (2013). The human brain in photographs and diagrams. Philadelphia, PA: Elsevier/Saunders.

Chicago

Nolte John, Angevine Jay B, . 2013. The human brain in photographs and diagrams. Philadelphia, PA: Elsevier/Saunders.

Harvard

Nolte J., Angevine J. B., . (2013). The human brain in photographs and diagrams. Philadelphia, PA: Elsevier/Saunders.

MLA

Nolte John, Angevine Jay B, . The human brain in photographs and diagrams. Philadelphia, PA: Elsevier/Saunders. 2013.

  • Place hold
  • Print
  • Cite
  • Add to your cart (remove)
  • Save record
    BIBTEX Dublin Core MARCXML MARC (non-Unicode/MARC-8) MARC (Unicode/UTF-8) MARC (Unicode/UTF-8, Standard) MODS (XML) RIS
  • More searches
    Search for this title in:
    Other Libraries (WorldCat) Other Databases (Google Scholar) Online Stores (Bookfinder.com) Open Library (openlibrary.org)

Exporting to Dublin Core...

SOUTHVILLE LIBRARY

Southville International School and Colleges Library

1281 Tropical Ave. Cor. Luxembourg St., BF Homes International, Las Pinas City

Tel. No. 8256374 / 252358 Loc. 117/146

Powered by Koha